| 000 | 00727nam a2200169 i 4500 | ||
|---|---|---|---|
| 001 | 23117 | ||
| 003 | ES-MaACL | ||
| 005 | 20230906152823.0 | ||
| 007 | t| | ||
| 008 | 021209s1932 ag ||||1| spa d | ||
| 100 | 1 |
_aAloisi, Enzo. _920173 |
|
| 245 | 1 | 0 |
_aTeatro de rechazo : asechanzas en la sombra : pieza dramática en 3 actos ; El viaje a través de sí mismo : pesadilla en 8 episodios monodramáticos / _cEnzo Aloisi ; prólogo y epílogo, escenarios diseñados por A.Ignatovitch y E. Aloisi. |
| 260 |
_aBuenos Aires : _b[s.n.], _c1932 ( _fImp. Ferrari Hermanos) |
||
| 300 |
_a146 p. : _bil. ; _c24 cm. |
||
| 740 | 3 | _aEl viaje a través de sí mismo : pesadilla en 8 episodios monodramáticos. | |
| 852 |
_aES-MaACL _jA-1888 |
||
| 999 |
_c23117 _d23117 |
||